TOP 10 drogerii w Polsce - Statystyki

Ogólne statystyki
  • Ten quiz został rozwiązany 41 razy
  • Średni wynik to 3 z 10
Statystyki odpowiedzi
l.p. Drogeria Ilość placówek % Poprawnych
1. Rossmann około 1 700
100%
3. Hebe 323
89%
4. Drogerie Natura około 250
47%
8. Super-Pharm 78
32%
9. DM 32
29%
7. Drogerie Jawa około 80
8%
6. Drogerie Polskie około 200
8%
5. Jasmin około 200
5%
10. Kontigo 19
5%
2. Laboo około 700
3%
Nie znaleziono quizów pasujących do podanych kryteriów
Rozkład punktacji
Procent ludzi z każdym wynikiem
Percentyl według liczby udzielonych odpowiedzi
Twoja historia wyników
Nie rozwiązałeś tego quizu